000
00322nam a2200121Ia 4500
008
210428s9999 xx 000 0 und d
082
_a
621.367 I312 I
100
_a
John M Sturge
_9
52117
245
0
_a
Imaging Processes and Materials
260
_b
Van Nostrand Reingold
_a
New York
_c
1989
300
_a
712p.
942
_c
BK
999
_c
559873
_d
559873